00739cam a22002414a 450000100090000000300050000900500170001400800410003101000170007202000150008903800110010404000180011504200080013305000270014108200180016810000190018624501020020526000320030730000330033950400660037265000280043865000310046612858355NUST20181030112550.0020717s2003 nyua b 001 0 eng  a 2002011301 a0814407455 aWASEEM aDLCcDLCdDLC apcc00aHF5549.5.T7bT256 200300a658.3124bTAM1 aTamblyn, Doni.10aLaugh and learn :b95 ways to use humor for more effective teaching and training /cDoni Tamblyn. aNew York :bAMACOM,cc2003. axv, 256 p. :bill. ;c24 cm. aIncludes bibliographical references (p. [231]-234) and index.00aEmployeesxTraining of. 0aWit and humor in business.